000
00350pab a2200157 454500
008
180718b2008 xxu||||| |||| 00| 0 eng d
100
_a
Mishra, Girish
245
_a
Karl Polanyi and globalisation
260
_c
2008
300
_a
p.7-12.
362
_a
18 Oct
650
_a
Globalization
773
_a
Mainstream
908
_a
N
909
_a
79717
999
_c
79717
_d
79717